=LDR 00000nam 2200000 4500 =001 INLIS000000000026421 =005 20130612124850 =008 ***********************************ind** =035 ##$$0010-061300000026421 =041 ##$$a ind =082 ##$$a 657 =090 ##$$a 657, SET a =100 ##$$a Setiabudi, Hendry Y =245 ##$$a Akuntansi Ekuitas, Hendry Y. Setiabudi, Iwan Triyuwono =260 ##$$a 2002 $b Jakarta =300 ##$$a xviii, 195 hlm., 23 cm =650 ##$$a Bank dan Perbankan =700 ##$$a Triyowono, Iwan =850 ##$$a NBPNMAT =990 ##$$a 92901/BPAP-NTB/2014 =990 ##$$a 0001/BPAP-NTB/2016